Mathematical methods and theory in games, programming, and economics. Volume II, The theory of infinite games /

Guardado en:
Autor Principal: Karlin, Samuel, 1923-2007.
Formato: Libro
Idioma:English
Publicado: London : Reading, Massachusetts : Pergamon Press ; Addison-Wesley, 1959.
Series:Addison-Wesley series in statistics
Etiquetas: Agregar Etiqueta
Sin Etiquetas, Sea el primero en etiquetar este registro!
LEADER 00658nam a22001695a 4500
001 MAT.inmabb001016
008 031119s1959####enk###########001#0#eng#d
005 20170808161930.0
245 1 0 |a Mathematical methods and theory in games, programming, and economics.  |n Volume II,  |p The theory of infinite games /  |c by Samuel Karlin. 
260 |a London :  |b Pergamon Press ;  |a Reading, Massachusetts :  |b Addison-Wesley,  |c 1959. 
300 |a xi, 386 p. ;  |c 24 cm. 
440 0 |a Addison-Wesley series in statistics 
510 4 |a MR,  |c 22 #2496 
100 1 |a Karlin, Samuel,  |d 1923-2007. 
084 |a 34-XX  |2 msc2000 
044 |a enk  |a mau 
859 |h 34  |i K18  |p A-895  |v 2  |3 Vol. II  |b BIB. MATEMATICA